A vision for construction IT 2005-2010 (Record no. 101031)

MARC details
000 -LEADER
fixed length control field 01349cam a2200253 4500
008 - FIXED-LENGTH DATA ELEMENTS--GENERAL INFORMATION
fixed length control field 000000n2000 000 0 eng u
020 ## - INTERNATIONAL STANDARD BOOK NUMBER
International Standard Book Number 184219044X
022 ## - INTERNATIONAL STANDARD SERIAL NUMBER
International Standard Serial Number 1354-506X
035 ## - SYSTEM CONTROL NUMBER
System control number (Sirsi) u109966
050 ## - LIBRARY OF CONGRESS CALL NUMBER
Classification number 690.0285
-- 18
100 ## - MAIN ENTRY--PERSONAL NAME
Personal name Sarshar, Marjan
245 #2 - TITLE STATEMENT
Title A vision for construction IT 2005-2010
260 ## - PUBLICATION, DISTRIBUTION, ETC.
Place of publication, distribution, etc. London
Name of publisher, distributor, etc. RICS Research Foundation
Date of publication, distribution, etc. 2000
490 ## - SERIES STATEMENT
Series statement RICS Foundation Research Papers
Volume/sequential designation 3(17)
520 ## - SUMMARY, ETC.
Summary, etc. Presents the findings of a major review of current research and industrial best practice in the UK, in order to summarise these efforts in the form of a vision for the next five to 10 years of construction projects and the way their processes will be supported by IT.
520 ## - SUMMARY, ETC.
Summary, etc. Available to download, by subscription or one-off payment, at www.rics-foundation.org. RICS members may also view the research via the public access terminals in the RICS Library - please ask Library Staff for details.
650 ## - SUBJECT ADDED ENTRY--TOPICAL TERM
Topical term or geographic name entry element CONSTRUCTION INDUSTRY
690 ## - LOCAL SUBJECT ADDED ENTRY--TOPICAL TERM (OCLC, RLIN)
Topical term or geographic name as entry element MANAGEMENT-BUSINESS MANAGEMENT-INFORMATION MANAGEMENT
700 ## - ADDED ENTRY--PERSONAL NAME
Personal name Betts, Marlin
700 ## - ADDED ENTRY--PERSONAL NAME
Personal name Aouad, Ghassan
710 ## - ADDED ENTRY--CORPORATE NAME
Corporate name or jurisdiction name as entry element Royal Institution of Chartered Surveyors
Subordinate unit Research Foundation
9 (RLIN) 3861
856 ## - ELECTRONIC LOCATION AND ACCESS
Uniform Resource Identifier <a href="https://www.rics.org/site/scripts/download_info.aspx?downloadID=1522">https://www.rics.org/site/scripts/download_info.aspx?downloadID=1522</a>
Hours access method available View the research on the RICS Foundation website...
942 ## - ADDED ENTRY ELEMENTS (KOHA)
Suppress in OPAC 0
Holdings
Withdrawn status Lost status Source of classification or shelving scheme Damaged status Not for loan Home library Current library Shelving location Date acquired Total Checkouts Full call number Barcode Date last seen Copy number Price effective from Koha item type
    Dewey Decimal Classification     Virtual Virtual Online 30/06/2003   ONLINE PUBLICATION 109966-2001 06/08/2019 1 06/08/2019 Book